000 00356cam a2200145ua 4500
041 _aeng
_h
082 _a823.308
_bFOS/PA
100 _aFoster, Marcia Lane .
245 _aParis Adventure /
_cMarcia Lane Foster.
_hTextual Documents
260 _a :
_bDent pennant Books ,
_c1962.
300 _a191 ; .
504 _a
942 _cBK
999 _c984
_d984